General Knowledge MCQ #1️⃣8️⃣ - Statistics

General Stats
  • This quiz has been taken 11 times
  • The average score is 7 of 15
Answer Stats
Question Answer % Correct
This number is known as the Ramanujan number which is the sum of the cubes of two numbers 10 and 9 1729
73%
A large man described as ursine would be seen as resembling what animal? Bear
73%
Who is the only person to win a Nobel Prize whose father, mother and spouse were *also* Nobel Prize winners? Irène Joliot-Curie
64%
Better known for his laws of motion, who also had a mind for money and was Britain’s master of the Royal Mint for nearly 30 years? Isaac Newton
64%
Which composer was profoundly deaf at the premiere of his famous Ninth Symphony? Ludwig van Beethoven
64%
Signed in 1998, the Good Friday Agreement ended the prolonged conflict in which country? Northern Ireland
64%
The n in snafu stands for what word? Normal
55%
László Krasznahorkai, Nobel Laureate in Literature for 2025, for his " Herscht 07769," is just one sentence long, spanning roughly _ pages 400
45%
Which organism perform waggle dance for their kins to indicate direction and distance to a source of their food? Honeybee
45%
Which country is not a part of Visegrád Four? Austria
36%
This Effect signifies : The Smarter You Feel, the Dumber You Are. Dunning-Kruger
36%
What does a funambulist walk on? Tightrope
36%
_____ is present in german silver Cu
18%
The Ozone Day is observed in memory of signing of which of the following protocols? Montreal Protocol
18%
What surprising discovery did scientists make about Saturn's largest moon, Titan? Water and oil can mix there
18%
No matching quizzes found
Score Distribution
Percent of People with Each Score
Percentile by Number Answered
Your Score History
You have not taken this quiz